000
00323nam a2200133Ia 4500
008
100328s9999 xx 000 0 und d
082
_b
23183
100
_a
वाड विजया
245
_a
अशरण
260
_b
हेमचंद्र
630
_a
अशरण
730
_a
अशरण
942
_c
BOOK
999
_c
516949
_d
516946